000 00243nam a2200097Ia 4500
008 220204s9999 xx 000 0 und d
082 _a339.1
_bOPE
245 0 _aOperating a trade information service
260 _aUK
_bTeemedia
_c1975
942 _cBK
999 _c27539
_d27539